[Event "V Open Escacs Xàtiva"]
[Site "Xàtiva, Spain"]
[Date "2019.07.17"]
[Round "4.16"]
[White "Wu, Yugong"]
[Black "Calderon Campos, Jose Carlos"]
[Result "0-1"]
[WhiteElo "1404"]
[BlackElo "1798"]
[PlyCount "128"]
[EventDate "2019.??.??"]

1. d4 {[%clk 01:30:56]} 1... d5 {[%clk 01:28:27]  [%emt 00:02:31]} 2. Nf3 {
[%clk 01:31:18]  [%emt 00:00:10]} 2... Nf6 {[%clk 01:28:45]  [%emt 00:00:10]}
3. g3 {[%clk 01:31:40]  [%emt 00:00:32]} 3... g6 {
[%clk 01:28:20]  [%emt 00:00:32]} 4. Bg2 {[%clk 01:32:01]  [%emt 00:00:09]}
4... c6 {[%clk 01:28:24]  [%emt 00:00:32]} 5. O-O {
[%clk 01:32:20]  [%emt 00:00:16]} 5... Bg7 {[%clk 01:28:50]} 6. Nbd2 {
[%clk 01:32:18]  [%emt 00:00:57]} 6... O-O {[%clk 01:29:08]} 7. c4 {
[%clk 01:31:39]  [%emt 00:00:48]} 7... Nbd7 {[%clk 01:24:28]  [%emt 00:05:19]}
8. b3 {[%clk 01:30:53]  [%emt 00:01:08]} 8... Re8 {
[%clk 01:21:07]  [%emt 00:03:55]} 9. Bb2 {[%clk 01:31:09]  [%emt 00:00:16]}
9... Qa5 {[%clk 01:14:06]  [%emt 00:07:30]} 10. a3 {
[%clk 01:28:03]  [%emt 00:03:28]} 10... h6 {[%clk 01:11:06]  [%emt 00:03:31]}
11. b4 {[%clk 01:26:03]  [%emt 00:02:30]} 11... Qd8 {
[%clk 01:08:01]  [%emt 00:03:35]} 12. Qc2 {[%clk 01:24:13]  [%emt 00:02:19]}
12... dxc4 {[%clk 01:06:40]  [%emt 00:02:25]} 13. Nxc4 {
[%clk 01:23:30]  [%emt 00:00:37]} 13... Nb6 {[%clk 01:05:27]  [%emt 00:01:57]}
14. Nfe5 {[%clk 01:20:37]  [%emt 00:03:09]} 14... Nxc4 {
[%clk 01:04:12]  [%emt 00:02:01]} 15. Qxc4 {[%clk 01:19:54]  [%emt 00:00:57]}
15... Be6 {[%clk 01:04:28]  [%emt 00:00:20]} 16. Qd3 {
[%clk 01:17:10]  [%emt 00:03:27]} 16... Qb6 {[%clk 01:03:05]  [%emt 00:01:36]}
17. Rfd1 {[%clk 01:03:40]  [%emt 00:14:00]} 17... Rad8 {
[%clk 01:02:30]  [%emt 00:01:05]} 18. Rac1 {[%clk 01:01:39]  [%emt 00:02:31]}
18... Nd5 {[%clk 01:01:55]  [%emt 00:01:11]} 19. Qf3 {
[%clk 00:55:56]  [%emt 00:06:11]} 19... a5 {[%clk 00:59:17]  [%emt 00:03:12]}
20. e4 {[%clk 00:50:40]  [%emt 00:05:47]} 20... Nf6 {
[%clk 00:59:16]  [%emt 00:00:25]} 21. Nc4 {[%clk 00:47:42]  [%emt 00:03:25]}
21... Qb5 {[%clk 00:57:57]  [%emt 00:02:10]} 22. Nxa5 {
[%clk 00:44:38]  [%emt 00:03:51]} 22... Bg4 {[%clk 00:58:08]} 23. Qd3 {
[%clk 00:44:29]  [%emt 00:00:20]} 23... Bxd1 {[%clk 00:58:14]  [%emt 00:00:23]}
24. Qxb5 {[%clk 00:44:33]  [%emt 00:00:45]} 24... cxb5 {[%clk 00:58:32]} 25.
Rxd1 {[%clk 00:44:47]  [%emt 00:00:22]} 25... b6 {
[%clk 00:57:49]  [%emt 00:01:00]} 26. Nb3 {[%clk 00:42:36]  [%emt 00:02:46]}
26... Rc8 {[%clk 00:57:38]  [%emt 00:00:53]} 27. Rd2 {
[%clk 00:42:22]  [%emt 00:00:26]} 27... Red8 {[%clk 00:57:22]  [%emt 00:01:15]}
28. d5 {[%clk 00:36:51]  [%emt 00:05:30]} 28... Ne8 {
[%clk 00:55:30]  [%emt 00:02:44]} 29. Nd4 {[%clk 00:33:25]  [%emt 00:04:14]}
29... Nd6 {[%clk 00:55:25]} 30. Nc6 {[%clk 00:27:23]  [%emt 00:06:26]} 30...
Rd7 {[%clk 00:55:16]  [%emt 00:00:39]} 31. Bxg7 {
[%clk 00:25:23]  [%emt 00:03:09]} 31... Kxg7 {[%clk 00:55:41]} 32. e5 {
[%clk 00:22:14]  [%emt 00:03:08]} 32... Nc4 {[%clk 00:55:52]  [%emt 00:00:16]}
33. Re2 {[%clk 00:18:41]  [%emt 00:04:02]} 33... e6 {
[%clk 00:54:20]  [%emt 00:02:02]} 34. d6 {[%clk 00:15:00]  [%emt 00:04:55]}
34... Nxe5 {[%clk 00:52:06]  [%emt 00:02:00]} 35. Nxe5 {
[%clk 00:12:09]  [%emt 00:03:25]} 35... Rxd6 {[%clk 00:52:29]  [%emt 00:00:09]}
36. f4 {[%clk 00:11:00]  [%emt 00:01:57]} 36... Rc3 {
[%clk 00:52:26]  [%emt 00:00:11]} 37. Ra2 {[%clk 00:10:24]  [%emt 00:01:09]}
37... f6 {[%clk 00:51:53]  [%emt 00:00:57]} 38. Nf3 {
[%clk 00:08:26]  [%emt 00:02:34]} 38... Rd1+ {[%clk 00:51:45]  [%emt 00:00:35]}
39. Kf2 {[%clk 00:08:45]  [%emt 00:00:30]} 39... Rdc1 {[%clk 00:52:01]} 40. Nd4
{[%clk 00:08:19]  [%emt 00:00:49]} 40... Kf7 {[%clk 00:50:11]  [%emt 00:02:22]}
41. Re2 {[%clk 00:06:28]  [%emt 00:02:18]} 41... Rxa3 {
[%clk 00:47:05]  [%emt 00:03:37]} 42. Nxe6 {[%clk 00:06:19]  [%emt 00:00:39]}
42... Rd3 {[%clk 00:46:15]  [%emt 00:01:23]} 43. g4 {
[%clk 00:03:44]  [%emt 00:03:02]} 43... f5 {[%clk 00:44:14]  [%emt 00:02:31]}
44. gxf5 {[%clk 00:03:09]  [%emt 00:01:06]} 44... gxf5 {
[%clk 00:44:38]  [%emt 00:00:35]} 45. Re5 {[%clk 00:03:22]} 45... Rd2+ {
[%clk 00:43:13]  [%emt 00:01:51]} 46. Kg3 {[%clk 00:02:50]  [%emt 00:00:53]}
46... Rc3+ {[%clk 00:42:58]  [%emt 00:00:44]} 47. Bf3 {
[%clk 00:02:05]  [%emt 00:01:32]} 47... Rdd3 {[%clk 00:42:57]  [%emt 00:00:13]}
48. Nd4 {[%clk 00:02:05]  [%emt 00:00:34]} 48... Rxd4 {
[%clk 00:43:13]  [%emt 00:00:11]} 49. Rxf5+ {[%clk 00:01:42]  [%emt 00:01:07]}
49... Ke6 {[%clk 00:42:43]  [%emt 00:00:44]} 50. Rxb5 {
[%clk 00:01:56]  [%emt 00:00:16]} 50... Rdd3 {[%clk 00:42:54]  [%emt 00:00:22]}
51. Rxb6+ {[%clk 00:02:20]  [%emt 00:00:12]} 51... Kf7 {
[%clk 00:43:11]  [%emt 00:00:05]} 52. Rxh6 {[%clk 00:02:37]  [%emt 00:00:36]}
52... Rxf3+ {[%clk 00:43:31]} 53. Kg4 {[%clk 00:03:01]  [%emt 00:00:09]} 53...
Rf1 {[%clk 00:43:27]  [%emt 00:00:19]} 54. b5 {[%clk 00:01:17]  [%emt 00:02:22]
} 54... Rc4 {[%clk 00:43:38]  [%emt 00:00:13]} 55. b6 {
[%clk 00:01:36]  [%emt 00:00:15]} 55... Rfxf4+ {
[%clk 00:42:57]  [%emt 00:01:23]} 56. Kg3 {[%clk 00:01:51]  [%emt 00:00:08]}
56... Rfd4 {[%clk 00:42:29]  [%emt 00:00:47]} 57. b7 {
[%clk 00:00:33]  [%emt 00:02:04]} 57... Rd3+ {[%clk 00:42:23]  [%emt 00:00:26]}
58. Kf2 {[%clk 00:01:02]  [%emt 00:00:04]} 58... Rb3 {
[%clk 00:42:07]  [%emt 00:00:44]} 59. Rh7+ {[%clk 00:00:57]  [%emt 00:00:40]}
59... Kg6 {[%clk 00:42:25]  [%emt 00:00:03]} 60. Rd7 {
[%clk 00:01:08]  [%emt 00:00:19]} 60... Rc2+ {[%clk 00:42:29]  [%emt 00:00:26]}
61. Ke1 {[%clk 00:01:34]  [%emt 00:00:12]} 61... Rxh2 {
[%clk 00:42:09]  [%emt 00:01:04]} 62. Rd6+ {[%clk 00:00:38]  [%emt 00:01:03]}
62... Kf5 {[%clk 00:42:32]  [%emt 00:00:05]} 63. Rd5+ {
[%clk 00:00:32]  [%emt 00:00:37]} 63... Ke6 {[%clk 00:42:53]  [%emt 00:00:15]}
64. Rd8 {[%clk 00:00:47]  [%emt 00:00:49]} 64... Rb1+ {[%clk 00:43:12]} 0-1

[Event "V Open Escacs Xàtiva"]
[Site "Xàtiva, Spain"]
[Date "2019.07.17"]
[Round "4.17"]
[White "Cebolla Ruiz, Anna"]
[Black "Lluch Ventura, Enrique"]
[Result "0-1"]
[WhiteElo "1116"]
[BlackElo "1726"]
[PlyCount "147"]
[EventDate "2019.??.??"]

1. d4 {[%clk 01:30:57]} 1... Nf6 {[%clk 01:30:52]  [%emt 00:00:04]} 2. c4 {
[%clk 01:31:05]  [%emt 00:00:04]} 2... e6 {[%clk 01:31:17]} 3. Nf3 {
[%clk 01:31:12]  [%emt 00:00:19]} 3... b6 {[%clk 01:31:23]  [%emt 00:00:38]} 4.
Bg5 {[%clk 01:30:46]  [%emt 00:00:41]} 4... Bb4+ {
[%clk 01:31:01]  [%emt 00:00:56]} 5. Nbd2 {[%clk 01:30:19]  [%emt 00:00:55]}
5... h6 {[%clk 01:30:28]  [%emt 00:01:27]} 6. Bh4 {
[%clk 01:29:04]  [%emt 00:01:53]} 6... Bb7 {[%clk 01:29:56]  [%emt 00:00:37]}
7. e3 {[%clk 01:27:32]  [%emt 00:01:54]} 7... O-O {
[%clk 01:28:32]  [%emt 00:02:26]} 8. Bd3 {[%clk 01:26:12]  [%emt 00:01:18]}
8... Be7 {[%clk 01:25:02]  [%emt 00:04:00]} 9. O-O {
[%clk 01:26:01]  [%emt 00:00:46]} 9... d6 {[%clk 01:22:19]  [%emt 00:03:11]}
10. Bxf6 {[%clk 01:25:19]  [%emt 00:01:11]} 10... Bxf6 {
[%clk 01:22:37]  [%emt 00:00:50]} 11. Be4 {[%clk 01:23:46]  [%emt 00:01:27]}
11... d5 {[%clk 01:21:08]  [%emt 00:02:33]} 12. cxd5 {
[%clk 01:23:11]  [%emt 00:00:27]} 12... exd5 {[%clk 01:20:31]  [%emt 00:01:13]}
13. Bf5 {[%clk 01:22:05]  [%emt 00:01:30]} 13... Nd7 {
[%clk 01:18:29]  [%emt 00:02:37]} 14. Qa4 {[%clk 01:20:25]  [%emt 00:02:04]}
14... c6 {[%clk 01:15:56]  [%emt 00:03:28]} 15. e4 {
[%clk 01:18:58]  [%emt 00:01:32]} 15... b5 {[%clk 01:15:01]  [%emt 00:01:26]}
16. Qb3 {[%clk 01:17:56]  [%emt 00:01:31]} 16... Nb6 {
[%clk 01:12:21]  [%emt 00:03:10]} 17. e5 {[%clk 01:16:51]  [%emt 00:01:35]}
17... Bg5 {[%clk 01:07:54]  [%emt 00:04:56]} 18. e6 {
[%clk 01:13:55]  [%emt 00:03:26]} 18... Qf6 {[%clk 01:03:54]  [%emt 00:05:03]}
19. exf7+ {[%clk 01:12:39]  [%emt 00:01:12]} 19... Rxf7 {
[%clk 01:00:57]  [%emt 00:04:05]} 20. Bc2 {[%clk 00:59:11]  [%emt 00:13:23]}
20... Raf8 {[%clk 00:51:09]  [%emt 00:10:15]} 21. Qd3 {
[%clk 00:57:11]  [%emt 00:02:52]} 21... g6 {[%clk 00:39:24]  [%emt 00:11:54]}
22. Qxg6+ {[%clk 00:56:30]  [%emt 00:01:10]} 22... Rg7 {
[%clk 00:37:52]  [%emt 00:02:02]} 23. Qxf6 {[%clk 00:56:00]  [%emt 00:01:11]}
23... Bxf6 {[%clk 00:38:17]} 24. Rfe1 {[%clk 00:55:08]  [%emt 00:01:20]} 24...
Bc8 {[%clk 00:31:11]  [%emt 00:07:44]} 25. Kf1 {
[%clk 00:53:25]  [%emt 00:02:52]} 25... Kh8 {[%clk 00:24:53]  [%emt 00:05:57]}
26. Ne5 {[%clk 00:52:09]  [%emt 00:01:57]} 26... Rfg8 {
[%clk 00:22:54]  [%emt 00:02:23]} 27. g3 {[%clk 00:50:08]  [%emt 00:02:29]}
27... Bh3+ {[%clk 00:20:56]  [%emt 00:02:24]} 28. Kg1 {
[%clk 00:50:07]  [%emt 00:00:34]} 28... h5 {[%clk 00:18:28]  [%emt 00:03:03]}
29. Nxc6 {[%clk 00:49:25]  [%emt 00:01:04]} 29... Rc8 {
[%clk 00:15:48]  [%emt 00:03:15]} 30. Nb4 {[%clk 00:47:59]  [%emt 00:01:50]}
30... a5 {[%clk 00:15:34]  [%emt 00:00:53]} 31. Nxd5 {
[%clk 00:36:22]  [%emt 00:12:06]} 31... Nxd5 {[%clk 00:16:01]} 32. Be4 {
[%clk 00:35:09]  [%emt 00:01:50]} 32... Nb4 {[%clk 00:14:02]  [%emt 00:02:18]}
33. Nf3 {[%clk 00:32:12]  [%emt 00:03:38]} 33... Nc2 {
[%clk 00:13:24]  [%emt 00:00:58]} 34. Bxc2 {[%clk 00:32:05]  [%emt 00:00:58]}
34... Rxc2 {[%clk 00:13:51]} 35. d5 {[%clk 00:31:34]  [%emt 00:00:43]} 35...
Rd7 {[%clk 00:10:23]  [%emt 00:03:56]} 36. Rad1 {
[%clk 00:29:54]  [%emt 00:02:09]} 36... Rc5 {[%clk 00:08:51]  [%emt 00:02:03]}
37. d6 {[%clk 00:29:27]  [%emt 00:00:57]} 37... Rc6 {
[%clk 00:09:03]  [%emt 00:00:32]} 38. Ne5 {[%clk 00:29:17]  [%emt 00:00:36]}
38... Bxe5 {[%clk 00:09:12]  [%emt 00:00:11]} 39. Rxe5 {
[%clk 00:29:23]  [%emt 00:00:22]} 39... Bg4 {[%clk 00:08:08]  [%emt 00:01:45]}
40. Rdd5 {[%clk 00:28:24]  [%emt 00:01:45]} 40... Bf3 {
[%clk 00:06:44]  [%emt 00:01:36]} 41. Rc5 {[%clk 00:28:01]  [%emt 00:00:46]}
41... Rxc5 {[%clk 00:06:09]  [%emt 00:01:04]} 42. Rxc5 {
[%clk 00:28:03]  [%emt 00:00:28]} 42... Rxd6 {[%clk 00:06:32]  [%emt 00:00:13]}
43. Rc1 {[%clk 00:28:07]  [%emt 00:00:43]} 43... Rd1+ {
[%clk 00:05:50]  [%emt 00:00:49]} 44. Rxd1 {[%clk 00:28:15]  [%emt 00:00:37]}
44... Bxd1 {[%clk 00:06:18]} 45. Kg2 {[%clk 00:28:24]  [%emt 00:00:10]} 45...
Kg7 {[%clk 00:06:07]  [%emt 00:00:39]} 46. f4 {[%clk 00:28:31]  [%emt 00:00:24]
} 46... Bg4 {[%clk 00:05:46]  [%emt 00:00:49]} 47. h3 {
[%clk 00:28:29]  [%emt 00:00:42]} 47... Be6 {[%clk 00:05:52]  [%emt 00:00:19]}
48. a3 {[%clk 00:28:21]  [%emt 00:00:35]} 48... Kf6 {
[%clk 00:06:09]  [%emt 00:00:14]} 49. g4 {[%clk 00:27:42]  [%emt 00:01:08]}
49... hxg4 {[%clk 00:05:42]  [%emt 00:00:58]} 50. hxg4 {
[%clk 00:27:55]  [%emt 00:00:16]} 50... Bxg4 {[%clk 00:06:06]  [%emt 00:00:07]}
51. Kf2 {[%clk 00:27:56]  [%emt 00:00:29]} 51... Be6 {
[%clk 00:05:10]  [%emt 00:01:25]} 52. Ke3 {[%clk 00:28:02]  [%emt 00:00:31]}
52... a4 {[%clk 00:03:33]  [%emt 00:02:00]} 53. Kd4 {
[%clk 00:28:03]  [%emt 00:00:29]} 53... Kf5 {[%clk 00:03:12]  [%emt 00:01:14]}
54. Ke3 {[%clk 00:27:44]  [%emt 00:00:25]} 54... Bc4 {
[%clk 00:03:08]  [%emt 00:00:45]} 55. Kf3 {[%clk 00:27:33]  [%emt 00:00:33]}
55... Bd5+ {[%clk 00:01:46]  [%emt 00:01:57]} 56. Ke3 {
[%clk 00:27:34]  [%emt 00:00:22]} 56... Kg4 {[%clk 00:01:53]  [%emt 00:00:23]}
57. Kd4 {[%clk 00:27:11]  [%emt 00:00:53]} 57... Bc4 {
[%clk 00:01:53]  [%emt 00:00:38]} 58. Ke4 {[%clk 00:27:21]  [%emt 00:00:13]}
58... Kg3 {[%clk 00:01:59]  [%emt 00:00:23]} 59. Ke3 {
[%clk 00:27:07]  [%emt 00:00:43]} 59... Kg2 {[%clk 00:01:40]  [%emt 00:00:53]}
60. Kd4 {[%clk 00:24:04]  [%emt 00:03:29]} 60... Kf3 {
[%clk 00:01:15]  [%emt 00:00:55]} 61. f5 {[%clk 00:23:33]  [%emt 00:01:05]}
61... Kf4 {[%clk 00:01:19]  [%emt 00:00:25]} 62. f6 {
[%clk 00:23:05]  [%emt 00:00:55]} 62... Kf5 {[%clk 00:01:44]  [%emt 00:00:08]}
63. f7 {[%clk 00:23:13]  [%emt 00:00:23]} 63... Bxf7 {
[%clk 00:02:07]  [%emt 00:00:05]} 64. Kc5 {[%clk 00:22:50]  [%emt 00:00:50]}
64... Bc4 {[%clk 00:02:24]  [%emt 00:00:39]} 65. Kd4 {
[%clk 00:22:26]  [%emt 00:00:29]} 65... Kf4 {[%clk 00:02:41]  [%emt 00:00:17]}
66. Kc3 {[%clk 00:22:18]  [%emt 00:00:34]} 66... Ke3 {
[%clk 00:02:46]  [%emt 00:00:25]} 67. Kc2 {[%clk 00:22:16]  [%emt 00:00:32]}
67... Kd4 {[%clk 00:02:58]  [%emt 00:00:23]} 68. Kd2 {
[%clk 00:22:31]  [%emt 00:00:10]} 68... Be6 {[%clk 00:02:17]  [%emt 00:01:18]}
69. Kc2 {[%clk 00:21:43]  [%emt 00:01:11]} 69... Bf5+ {
[%clk 00:02:18]  [%emt 00:00:30]} 70. Kd2 {[%clk 00:21:27]  [%emt 00:00:46]}
70... Kc4 {[%clk 00:02:34]  [%emt 00:00:13]} 71. Ke3 {
[%clk 00:21:13]  [%emt 00:00:45]} 71... Kb3 {[%clk 00:02:38]  [%emt 00:00:26]}
72. Kd4 {[%clk 00:21:24]  [%emt 00:00:19]} 72... Be6 {
[%clk 00:01:50]  [%emt 00:01:21]} 73. Kc5 {[%clk 00:21:00]  [%emt 00:00:51]}
73... Bc4 {[%clk 00:01:59]  [%emt 00:00:23]} 74. Kd4 {[%emt 00:00:31]} 0-1

[Event "V Open Escacs Xàtiva"]
[Site "Xàtiva, Spain"]
[Date "2019.07.17"]
[Round "4.18"]
[White "Moreno Gonzalez, Pablo"]
[Black "Albuixech Soler, Sergi"]
[Result "0-1"]
[WhiteElo "1688"]
[BlackElo "1302"]
[PlyCount "68"]
[EventDate "2019.??.??"]

1. e4 {[%clk 01:30:57]  [%emt 00:00:38]} 1... d5 {[%clk 01:30:55]} 2. exd5 {
[%clk 01:31:20]} 2... Nf6 {[%clk 01:31:18]} 3. d4 {
[%clk 01:31:31]  [%emt 00:00:05]} 3... Nxd5 {[%clk 01:31:41]} 4. Nf3 {
[%clk 01:31:53]  [%emt 00:00:17]} 4... e6 {[%clk 01:30:49]  [%emt 00:01:14]} 5.
Be2 {[%clk 01:31:44]  [%emt 00:00:37]} 5... c5 {
[%clk 01:30:30]  [%emt 00:00:53]} 6. O-O {[%clk 01:29:00]  [%emt 00:03:13]}
6... Qc7 {[%clk 01:30:01]  [%emt 00:00:56]} 7. c4 {
[%clk 01:23:48]  [%emt 00:05:42]} 7... Nb6 {[%clk 01:29:16]  [%emt 00:01:26]}
8. b3 {[%clk 01:23:58]  [%emt 00:00:09]} 8... Bd6 {
[%clk 01:27:27]  [%emt 00:02:46]} 9. Bb2 {[%clk 01:22:43]  [%emt 00:01:22]}
9... O-O {[%clk 01:26:35]  [%emt 00:01:17]} 10. Nc3 {
[%clk 01:22:39]  [%emt 00:00:36]} 10... Nc6 {[%clk 01:21:13]  [%emt 00:05:55]}
11. Nb5 {[%clk 01:15:15]  [%emt 00:07:54]} 11... Qb8 {
[%clk 01:19:12]  [%emt 00:02:27]} 12. dxc5 {[%clk 01:12:43]  [%emt 00:03:05]}
12... Bxc5 {[%clk 01:19:10]  [%emt 00:00:28]} 13. Qc1 {
[%clk 01:12:16]  [%emt 00:01:02]} 13... a6 {[%clk 01:17:52]  [%emt 00:01:43]}
14. Qg5 {[%clk 01:07:00]  [%emt 00:05:47]} 14... e5 {
[%clk 01:15:07]  [%emt 00:03:14]} 15. Nxe5 {[%clk 01:06:04]  [%emt 00:01:26]}
15... f6 {[%clk 01:09:59]  [%emt 00:06:21]} 16. Nxc6 {
[%clk 01:04:02]  [%emt 00:01:53]} 16... fxg5 {[%clk 01:09:32]  [%emt 00:00:52]}
17. Nxb8 {[%clk 01:04:23]  [%emt 00:00:09]} 17... axb5 {
[%clk 01:07:46]  [%emt 00:02:39]} 18. Na6 {[%clk 01:02:13]  [%emt 00:02:27]}
18... Rxa6 {[%clk 01:07:21]  [%emt 00:00:45]} 19. cxb5 {
[%clk 01:02:36]  [%emt 00:00:08]} 19... Ra8 {[%clk 01:06:47]  [%emt 00:03:19]}
20. a4 {[%clk 01:01:58]} 20... Be6 {[%clk 01:05:50]  [%emt 00:00:20]} 21. Bf3 {
[%clk 01:00:50]  [%emt 00:01:52]} 21... Bxb3 {[%clk 01:05:27]  [%emt 00:00:43]}
22. a5 {[%clk 01:01:07]  [%emt 00:00:25]} 22... Nc4 {
[%clk 01:05:35]  [%emt 00:00:06]} 23. Bc3 {[%clk 01:00:59]  [%emt 00:00:44]}
23... Nd6 {[%clk 01:03:47]  [%emt 00:02:13]} 24. Be5 {
[%clk 00:54:11]  [%emt 00:07:35]} 24... Nxb5 {[%clk 00:56:03]  [%emt 00:08:03]}
25. Rfb1 {[%clk 00:54:28]  [%emt 00:00:07]} 25... Nd4 {
[%clk 00:49:32]  [%emt 00:07:02]} 26. Rxb3 {[%clk 00:48:09]  [%emt 00:06:57]}
26... Nxb3 {[%clk 00:49:42]  [%emt 00:00:13]} 27. Bd5+ {
[%clk 00:48:32]  [%emt 00:00:07]} 27... Kh8 {[%clk 00:49:23]  [%emt 00:00:45]}
28. Bxb3 {[%clk 00:48:52]  [%emt 00:00:10]} 28... Bxf2+ {
[%clk 00:49:27]  [%emt 00:00:26]} 29. Kh1 {[%clk 00:49:03]  [%emt 00:00:23]}
29... Bb6 {[%clk 00:49:05]  [%emt 00:00:49]} 30. Rd1 {
[%clk 00:39:30]  [%emt 00:10:05]} 30... Rxa5 {[%clk 00:48:26]  [%emt 00:01:06]}
31. Bg3 {[%clk 00:37:14]  [%emt 00:02:45]} 31... Bd4 {
[%clk 00:47:24]  [%emt 00:02:27]} 32. h3 {[%clk 00:33:25]  [%emt 00:03:24]}
32... Ra1 {[%clk 00:47:45]  [%emt 00:00:10]} 33. Kh2 {
[%clk 00:33:34]  [%emt 00:00:20]} 33... Rxd1 {[%clk 00:48:07]  [%emt 00:00:08]}
34. Bxd1 {[%clk 00:33:57]  [%emt 00:00:11]} 34... Be3 {
[%clk 00:47:54]  [%emt 00:00:39]} 0-1

[Event "V Open Escacs Xàtiva"]
[Site "Xàtiva, Spain"]
[Date "2019.07.18"]
[Round "5.1"]
[White "Cruz Lledo, Pablo"]
[Black "Chernikov, Vladimir"]
[Result "1-0"]
[WhiteElo "2442"]
[BlackElo "2301"]
[PlyCount "87"]
[EventDate "2019.??.??"]

1. d4 {[%emt 00:03:59]} 1... Nf6 {[%clk 01:29:22]  [%emt 00:01:11]} 2. Nf3 {
[%clk 01:27:40]  [%emt 00:00:18]} 2... c5 {[%clk 01:29:46]  [%emt 00:00:07]} 3.
d5 {[%clk 01:28:06]  [%emt 00:00:05]} 3... b5 {[%clk 01:30:00]  [%emt 00:00:15]
} 4. c4 {[%clk 01:28:28]  [%emt 00:00:08]} 4... Bb7 {
[%clk 01:30:21]  [%emt 00:00:09]} 5. a4 {[%clk 01:28:50]  [%emt 00:00:08]} 5...
bxc4 {[%clk 01:29:54]  [%emt 00:00:57]} 6. Nc3 {
[%clk 01:28:48]  [%emt 00:00:31]} 6... d6 {[%clk 01:20:37]  [%emt 00:09:48]} 7.
e4 {[%clk 01:29:11]  [%emt 00:00:07]} 7... g6 {[%clk 01:20:49]  [%emt 00:00:18]
} 8. Bxc4 {[%clk 01:29:18]  [%emt 00:00:23]} 8... Bg7 {
[%clk 01:21:12]  [%emt 00:00:06]} 9. O-O {[%clk 01:29:01]  [%emt 00:00:48]}
9... O-O {[%clk 01:21:37]  [%emt 00:00:05]} 10. Qe2 {
[%clk 01:27:35]  [%emt 00:01:56]} 10... a5 {[%clk 01:19:22]  [%emt 00:02:45]}
11. Nb5 {[%clk 01:18:08]  [%emt 00:09:57]} 11... Nfd7 {
[%clk 01:16:02]  [%emt 00:03:50]} 12. Rb1 {[%clk 01:16:49]  [%emt 00:01:49]}
12... Nb6 {[%clk 01:13:17]  [%emt 00:03:15]} 13. b3 {
[%clk 01:17:13]  [%emt 00:00:06]} 13... Ba6 {[%clk 01:10:29]  [%emt 00:03:17]}
14. Bb2 {[%clk 01:17:28]  [%emt 00:00:15]} 14... Bxb2 {
[%clk 01:09:36]  [%emt 00:01:23]} 15. Rxb2 {[%clk 01:16:37]  [%emt 00:01:21]}
15... Bxb5 {[%clk 01:08:29]  [%emt 00:01:38]} 16. Bxb5 {
[%clk 01:15:24]  [%emt 00:01:43]} 16... N8d7 {[%clk 01:02:16]  [%emt 00:06:43]}
17. Nd2 {[%clk 01:10:02]  [%emt 00:05:52]} 17... e6 {
[%clk 00:53:52]  [%emt 00:08:54]} 18. dxe6 {[%clk 01:08:49]  [%emt 00:01:43]}
18... fxe6 {[%clk 00:54:14]  [%emt 00:00:07]} 19. Nc4 {
[%clk 01:09:11]  [%emt 00:00:09]} 19... Nxc4 {[%clk 00:51:06]  [%emt 00:03:37]}
20. Bxc4 {[%clk 01:09:21]  [%emt 00:00:20]} 20... Qe7 {
[%clk 00:49:25]  [%emt 00:02:11]} 21. f4 {[%clk 01:07:34]  [%emt 00:02:18]}
21... Nb6 {[%clk 00:41:40]  [%emt 00:08:15]} 22. Bb5 {
[%clk 01:05:49]  [%emt 00:02:14]} 22... Rad8 {[%clk 00:36:44]  [%emt 00:05:26]}
23. Qe1 {[%clk 01:03:40]  [%emt 00:02:39]} 23... Qg7 {
[%clk 00:34:10]  [%emt 00:03:04]} 24. Rbf2 {[%clk 01:04:01]  [%emt 00:00:09]}
24... Qd4 {[%clk 00:32:55]  [%emt 00:01:46]} 25. Kh1 {
[%clk 01:01:15]  [%emt 00:03:15]} 25... c4 {[%clk 00:29:14]  [%emt 00:04:12]}
26. f5 {[%clk 00:57:56]  [%emt 00:03:50]} 26... cxb3 {
[%clk 00:16:29]  [%emt 00:13:14]} 27. fxe6 {[%clk 00:58:14]  [%emt 00:00:12]}
27... Rxf2 {[%clk 00:09:30]  [%emt 00:07:29]} 28. Qxf2 {
[%clk 00:53:54]  [%emt 00:04:49]} 28... Qxf2 {[%clk 00:08:45]  [%emt 00:01:16]}
29. Rxf2 {[%clk 00:54:18]  [%emt 00:00:06]} 29... Nc8 {
[%clk 00:04:36]  [%emt 00:04:38]} 30. Rb2 {[%clk 00:52:19]  [%emt 00:02:29]}
30... d5 {[%clk 00:04:11]  [%emt 00:00:56]} 31. Rxb3 {
[%clk 00:46:05]  [%emt 00:06:45]} 31... dxe4 {[%clk 00:04:17]  [%emt 00:00:23]}
32. Bd7 {[%clk 00:46:29]  [%emt 00:00:05]} 32... Nd6 {
[%clk 00:02:59]  [%emt 00:01:47]} 33. Rb6 {[%clk 00:44:17]  [%emt 00:02:44]}
33... Ne8 {[%clk 00:01:55]  [%emt 00:01:33]} 34. Kg1 {
[%clk 00:42:09]  [%emt 00:02:39]} 34... Nf6 {[%clk 00:02:08]  [%emt 00:00:17]}
35. Bb5 {[%clk 00:41:47]  [%emt 00:00:52]} 35... e3 {
[%clk 00:01:47]  [%emt 00:00:50]} 36. g3 {[%clk 00:38:45]  [%emt 00:03:33]}
36... Rd1+ {[%clk 00:01:22]  [%emt 00:00:55]} 37. Kg2 {
[%clk 00:39:05]  [%emt 00:00:10]} 37... Nd5 {[%clk 00:01:11]  [%emt 00:00:41]}
38. Rb7 {[%clk 00:35:13]  [%emt 00:04:23]} 38... Rd2+ {
[%clk 00:01:21]  [%emt 00:00:20]} 39. Kf1 {[%clk 00:35:31]  [%emt 00:00:12]}
39... Rd1+ {[%clk 00:01:39]  [%emt 00:00:12]} 40. Ke2 {
[%clk 00:32:07]  [%emt 00:03:54]} 40... Rd2+ {[%clk 00:02:08]} 41. Kf3 {
[%clk 00:16:17]  [%emt 00:16:21]} 41... Rf2+ {[%clk 00:02:32]  [%emt 00:00:05]}
42. Ke4 {[%clk 00:16:41]  [%emt 00:00:05]} 42... Rb2 {
[%clk 00:00:34]  [%emt 00:02:28]} 43. e7 {[%clk 00:15:34]  [%emt 00:01:38]}
43... Kg7 {[%clk 00:00:32]  [%emt 00:00:33]} 44. e8=Q+ {
[%clk 00:15:46]  [%emt 00:00:17]} 1-0